[Event "GoAudit Open 2021"]
[Site "Copenhagen"]
[Date "2021.11.12"]
[Round "1"]
[White "Hector, Jonny"]
[Black "Iskos, Lukas"]
[Result "1-0"]
[WhiteElo "2447"]
[BlackElo "2034"]
[PlyCount "67"]
[EventDate "2021.11.12"]
[EventType "swiss"]
[EventRounds "7"]
[EventCountry "DEN"]

1. Nc3 d5 2. d4 e6 3. e4 Nf6 4. Bg5 Be7 5. e5 Nfd7 6. h4 c5 7. Bxe7 Qxe7 8. Nb5
Kd8 9. c3 cxd4 10. cxd4 Qb4+ 11. Nc3 Nc6 12. Nf3 Qxb2 13. Rc1 f6 14. Be2 fxe5
15. dxe5 Ndxe5 16. Nxe5 Nxe5 17. O-O Qb4 18. Nxd5 exd5 19. Qxd5+ Nd7 20. Bb5 a6
21. Rxc8+ Kxc8 22. Bxd7+ Kb8 23. Bf5 Ka7 24. Rb1 Rad8 25. Qf7 Qxb1+ 26. Bxb1
Rd1+ 27. Kh2 Rxb1 28. Qxg7 Rd8 29. Qxh7 Rb2 30. Qe7 Rdd2 31. Kg3 Rxa2 32. Qe3+
Ka8 33. h5 Rd7 34. Qe8+ 1-0

[Event "GoAudit Open 2021"]
[Site "Copenhagen"]
[Date "2021.11.12"]
[Round "1"]
[White "Jalving, August"]
[Black "Haubro, Martin"]
[Result "0-1"]
[WhiteElo "1865"]
[BlackElo "2410"]
[PlyCount "76"]
[EventDate "2021.11.12"]
[EventType "swiss"]
[EventRounds "7"]
[EventCountry "DEN"]

1. e4 c5 2. Nf3 d6 3. d4 cxd4 4. Nxd4 Nf6 5. Nc3 a6 6. Be3 e5 7. Nb3 Be6 8. Nd5
Nxd5 9. exd5 Bf5 10. c4 Nd7 11. Bd3 Bg6 12. O-O Be7 13. f4 exf4 14. Bxf4 Qb6+
15. Kh1 O-O 16. Bxg6 hxg6 17. Re1 Bf6 18. Qd2 Rfe8 19. Rxe8+ Rxe8 20. Re1 Rxe1+
21. Qxe1 Ne5 22. c5 Qd8 23. Qe2 g5 24. Bxe5 Bxe5 25. cxd6 Qxd6 26. Qc4 Qd7 27.
Qc2 Qxd5 28. Qc8+ Kh7 29. Qc2+ g6 30. h3 Bg7 31. Nc1 Qe6 32. Ne2 Qxa2 33. Nc1
Qe6 34. Nd3 g4 35. hxg4 Qxg4 36. Nf2 Qh4+ 37. Nh3 Qe1+ 38. Kh2 Be5+ 0-1

[Event "GoAudit Open 2021"]
[Site "Copenhagen"]
[Date "2021.11.12"]
[Round "1"]
[White "Fries Nielsen, Jens Ove"]
[Black "Falkesgaard, Jeppe Hald"]
[Result "1/2-1/2"]
[WhiteElo "2383"]
[BlackElo "1866"]
[PlyCount "69"]
[EventDate "2021.11.12"]
[EventType "swiss"]
[EventRounds "7"]
[EventCountry "DEN"]

1. b4 Nf6 2. Bb2 e6 3. a3 d5 4. e3 Be7 5. f4 O-O 6. Nf3 b6 7. Be2 Bb7 8. O-O
Nbd7 9. c4 c5 10. b5 Qc7 11. Ne5 Rad8 12. Qe1 Ne4 13. d3 Nd6 14. Nxd7 Qxd7 15.
Qc1 Nf5 16. g4 Nh4 17. Qe1 d4 18. e4 Ng6 19. g5 e5 20. f5 Nf4 21. Rxf4 exf4 22.
h4 h6 23. gxh6 gxh6 24. Bc1 Kh7 25. Bxf4 Rg8+ 26. Kh2 Rg7 27. Nd2 Rdg8 28. Bf3
Bd6 29. Bxd6 Qxd6+ 30. e5 Qd7 31. Bxb7 Qxb7 32. Ne4 Rg2+ 33. Kh3 R8g7 34. Rd1
Qc8 35. Qf1 1/2-1/2

[Event "GoAudit Open 2021"]
[Site "Copenhagen"]
[Date "2021.11.12"]
[Round "1"]
[White "Nielsen Refs, Karl Emil Elmer"]
[Black "Skytte, Rasmus"]
[Result "0-1"]
[WhiteElo "1878"]
[BlackElo "2378"]
[PlyCount "94"]
[EventDate "2021.11.12"]
[EventType "swiss"]
[EventRounds "7"]
[EventCountry "DEN"]

1. d4 Nf6 2. Bf4 c5 3. e3 Qb6 4. Nc3 d6 5. dxc5 Qxc5 6. h3 g6 7.
Nf3 Bg7 8. Nd4 O-O 9. Bd3 Qb6 10. Nb3 Nc6 11. O-O Be6 12. Qd2 Rac8 13. a3 Bxb3
14. cxb3 Qxb3 15. Rac1 Na5 16. Nb5 a6 17. Nd4 Qb6 18. b4 Nc6 19. Nxc6 Rxc6 20.
Rxc6 Qxc6 21. b5 axb5 22. Rb1 Ra8 23. Bxb5 Qd5 24. Qxd5 Nxd5 25. Bg5 h6 26. Bh4
g5 27. Bg3 Nc3 28. Rb3 Ne4 29. Kh2 Nc5 30. Rb1 Rxa3 31. Bc4 Ra5 32. h4 Bf6 33.
hxg5 hxg5 34. Bd5 b5 35. Bc6 Na4 36. Rxb5 Rxb5 37. Bxb5 Nc3 38. Bd3 Kg7 39. Kh3
Be5 40. Bxe5+ dxe5 41. Kg4 Kf6 42. f4 gxf4 43. exf4 e4 44. Bc2 e6 45. g3 Kg6
46. Bb3 Ne2 47. Bc2 f5+ 0-1

[Event "GoAudit Open 2021"]
[Site "Copenhagen"]
[Date "2021.11.12"]
[Round "1"]
[White "Boe Olsen, Filip"]
[Black "Saravana, Vedant Kumar"]
[Result "1-0"]
[WhiteElo "2366"]
[BlackElo "1831"]
[PlyCount "54"]
[EventDate "2021.11.12"]
[EventType "swiss"]
[EventRounds "7"]
[EventCountry "DEN"]

1. d4 d5 2. Nf3 Nf6 3. Bf4 c5 4. e3 a6 5. Nbd2 e6 6. c3 Nc6 7. Bd3 Bd6 8. Bg3
c4 9. Bc2 Qc7 10. e4 dxe4 11. Bxd6 Qxd6 12. Nxc4 Qc7 13. Nfd2 b5 14. Ne3 Bb7
15. Nxe4 Nxe4 16. Bxe4 f5 17. Bf3 O-O-O 18. O-O g5 19. a4 g4 20. Be2 b4 21. Qb3
Qe7 22. Rfe1 Na5 23. Qc2 Be4 24. Bxa6+ Kb8 25. Bd3 b3 26. Qe2 Bb7 27. Nxf5 Qf7
1-0

[Event "GoAudit Open 2021"]
[Site "Copenhagen"]
[Date "2021.11.12"]
[Round "1"]
[White "Ramkilde, Mikael"]
[Black "Hoi, Carsten"]
[Result "0-1"]
[WhiteElo "1856"]
[BlackElo "2348"]
[PlyCount "48"]
[EventDate "2021.11.12"]
[EventType "swiss"]
[EventRounds "7"]
[EventCountry "DEN"]

1. e4 g6 2. d4 Bg7 3. Nc3 d6 4. Be3 c6 5. Qd2 b5 6. Bd3 Nd7 7. f4 Nb6 8. b3 Nf6
9. h3 Bb7 10. Nf3 a6 11. g4 b4 12. Ne2 c5 13. d5 Nfxd5 14. O-O-O Nxe3 15. Qxe3
Qc7 16. Ng5 h6 17. Nxf7 Kxf7 18. Rhf1 c4 19. bxc4 Nxc4 20. Qg3 Rac8 21. g5 Qa5
22. Bxc4+ Rxc4 23. Qb3 Qa3+ 24. Qxa3 bxa3 0-1

[Event "GoAudit Open 2021"]
[Site "Copenhagen"]
[Date "2021.11.12"]
[Round "1"]
[White "Nielsen, Viktor Haarmark"]
[Black "van den Brink, Nienke"]
[Result "1-0"]
[WhiteElo "2263"]
[BlackElo "1785"]
[PlyCount "71"]
[EventDate "2021.11.12"]
[EventType "swiss"]
[EventRounds "7"]
[EventCountry "DEN"]

1. e4 c5 2. Nf3 d6 3. d4 cxd4 4. Nxd4 a6 5. c4 e5 6. Nc2 Nf6 7. Nc3 Nc6 8. Be2
Be7 9. O-O O-O 10. Ne3 Nd4 11. Bd3 Rb8 12. a4 Bd7 13. a5 Bc6 14. Ned5 Nd7 15.
Be3 Ne6 16. b4 Bxd5 17. Nxd5 Nc7 18. Nb6 Nxb6 19. axb6 Ne6 20. Be2 Bg5 21. Bxg5
Qxg5 22. Bf3 Rbc8 23. Rc1 Nd4 24. Qd3 Rfd8 25. Qe3 Qxe3 26. fxe3 Ne6 27. Bg4
Rc6 28. Bxe6 fxe6 29. c5 Rdc8 30. Rc4 dxc5 31. Rfc1 Kh8 32. Rxc5 Rxc5 33. Rxc5
Rd8 34. Rc7 Rb8 35. Re7 Kg8 36. Rxe6 1-0

[Event "GoAudit Open 2021"]
[Site "Copenhagen"]
[Date "2021.11.12"]
[Round "1"]
[White "Wehding, Laurits Bonsvig"]
[Black "Kistrup, Nicolai"]
[Result "1/2-1/2"]
[WhiteElo "1731"]
[BlackElo "2276"]
[PlyCount "92"]
[EventDate "2021.11.12"]
[EventType "swiss"]
[EventRounds "7"]
[EventCountry "DEN"]

1. Nf3 d5 2. b3 c5 3. Bb2 Nc6 4. e3 Nf6 5. d4 e6 6. c4 cxd4 7. exd4 Bb4+ 8. Nc3
Ne4 9. Rc1 Qa5 10. Qc2 Qxa2 11. Bd3 Bxc3+ 12. Bxc3 Qxc2 13. Rxc2 Nxc3 14. Rxc3
Nb4 15. Be2 Bd7 16. Ne5 f6 17. Nxd7 Kxd7 18. O-O Rhc8 19. f4 Kd6 20. g4 Nc6 21.
Rd1 g5 22. Rh3 Rh8 23. Rh6 dxc4 24. Bxc4 Na5 25. Rxf6 Nxc4 26. bxc4 gxf4 27.
Re1 Rhe8 28. Rxf4 Rac8 29. Rf7 Rxc4 30. Rxb7 Rxd4 31. Rxa7 Rxg4+ 32. Kf2 Rf8+
33. Ke3 Rh4 34. Rd1+ Kc5 35. Rc7+ Kb6 36. Re7 Rxh2 37. Rxe6+ Kc5 38. Re5+ Kc4
39. Rc1+ Kb3 40. Rb5+ Ka4 41. Rb7 Rh3+ 42. Kd4 Rf4+ 43. Ke5 Rff3 44. Ra1+ Ra3
45. Ra7+ Kb4 46. R1xa3 Rxa3 1/2-1/2

[Event "GoAudit Open 2021"]
[Site "Copenhagen"]
[Date "2021.11.12"]
[Round "2"]
[White "Brorsen, Jacob Abildlund"]
[Black "Hector, Jonny"]
[Result "0-1"]
[WhiteElo "2147"]
[BlackElo "2447"]
[PlyCount "127"]
[EventDate "2021.11.12"]
[EventType "swiss"]
[EventRounds "7"]
[EventCountry "DEN"]

1. d4 d5 2. c4 e6 3. Nc3 Nf6 4. cxd5 exd5 5. Bg5 c6 6. Qc2 Be7 7. e3 h6 8. Bh4
O-O 9. Bd3 Re8 10. Nge2 Nbd7 11. O-O a5 12. Rad1 b5 13. f3 Nb6 14. Kh1 Nc4 15.
Bf2 a4 16. a3 Be6 17. Nf4 Bd6 18. Nxe6 Rxe6 19. e4 dxe4 20. Bxc4 bxc4 21. Nxe4
Nd5 22. Qxc4 Bc7 23. Rfe1 Qb8 24. Bg3 Bxg3 25. Nxg3 Ne3 26. Rxe3 Rxe3 27. Qxc6
Qc8 28. Qb5 Qc2 29. Rf1 Rb3 30. Qe5 Rxb2 31. Rg1 Qg6 32. d5 Rab8 33. d6 Rb1 34.
Ne4 f5 35. Nc3 Rxg1+ 36. Kxg1 Qe8 37. f4 Qc6 38. Nd5 Qc5+ 39. Kf1 Rb1+ 40. Ke2
Qc2+ 41. Kf3 Rb3+ 42. Ne3 Qc6+ 43. Kf2 Qe4 44. d7 Rd3 45. Qe8+ Kh7 46. d8=R
Rd2+ 47. Rxd2 Qxe8 48. Nxf5 Qe4 49. Ne3 Qxf4+ 50. Ke2 Qxh2 51. Rd4 Qh5+ 52. Kd2
Qb5 53. Rb4 Qd7+ 54. Ke2 h5 55. Kf3 Kh6 56. Rb6+ g6 57. Rb4 Qc6+ 58. Kf2 Kg7
59. Rc4 Qd7 60. Ke2 Kf6 61. Rf4+ Ke5 62. Rc4 Qb5 63. Kf3 Ke6 64. Re4+ 0-1

[Event "GoAudit Open 2021"]
[Site "Copenhagen"]
[Date "2021.11.12"]
[Round "2"]
[White "Haubro, Martin"]
[Black "Moe, Mogens"]
[Result "1-0"]
[WhiteElo "2410"]
[BlackElo "2150"]
[PlyCount "71"]
[EventDate "2021.11.12"]
[EventType "swiss"]
[EventRounds "7"]
[EventCountry "DEN"]

1. e4 c5 2. Nf3 Nc6 3. Nc3 e6 4. d4 cxd4 5. Nxd4 Qc7 6. Be3 a6 7. Qf3 b5 8. Qg3
Qxg3 9. hxg3 Bb7 10. f3 Rc8 11. Nxc6 Rxc6 12. Bd3 Bb4 13. a3 Ba5 14. Kf2 Ne7
15. a4 b4 16. Ne2 e5 17. Nc1 d6 18. Nb3 Bc7 19. a5 O-O 20. Ra4 Bc8 21. Rxb4 Be6
22. g4 d5 23. exd5 Nxd5 24. Bxh7+ Kh8 25. Ra4 g6 26. Bxg6+ Kg7 27. Be4 Rb8 28.
Bh6+ Kf6 29. Bd2 Rd6 30. Rh6+ Ke7 31. Rc4 Kd7 32. Nc5+ Kd8 33. Nxe6+ fxe6 34.
Bg5+ Kd7 35. Rh7+ Kc8 36. Bxd5 1-0

[Event "GoAudit Open 2021"]
[Site "Copenhagen"]
[Date "2021.11.12"]
[Round "2"]
[White "Skytte, Rasmus"]
[Black "Andersen, Soren Mikkel"]
[Result "1-0"]
[WhiteElo "2378"]
[BlackElo "2127"]
[PlyCount "57"]
[EventDate "2021.11.12"]
[EventType "swiss"]
[EventRounds "7"]
[EventCountry "DEN"]

1. e4 c5 2. Nc3 d6 3. f4 g6 4. Nf3 Bg7 5. Bb5+ Nc6 6. Bxc6+ bxc6 7. d3 Bg4 8.
O-O Nf6 9. Qe1 O-O 10. Qh4 Bxf3 11. Rxf3 e6 12. f5 Nd7 13. Bg5 Bf6 14. Rh3 h5
15. Rg3 Bxg5 16. Rxg5 Qf6 17. Qxh5 Kg7 18. e5 Qxe5 19. fxg6 Qe3+ 20. Kh1 Rh8
21. gxf7+ Kf6 22. Rf1+ Ke7 23. Qg6 Raf8 24. Ne4 Ne5 25. Qf6+ Kd7 26. Rxe5 dxe5
27. Qxe5 Kc8 28. Nd6+ Kd7 29. Qxe3 1-0

[Event "GoAudit Open 2021"]
[Site "Copenhagen"]
[Date "2021.11.12"]
[Round "2"]
[White "Guindy, Esmat Susanne"]
[Black "Boe Olsen, Filip"]
[Result "0-1"]
[WhiteElo "2102"]
[BlackElo "2366"]
[PlyCount "72"]
[EventDate "2021.11.12"]
[EventType "swiss"]
[EventRounds "7"]
[EventCountry "DEN"]

1. d4 Nf6 2. Nf3 d5 3. g3 Bf5 4. Bg2 e6 5. O-O Be7 6. c4 c6 7. Qb3 Qb6 8. c5
Qc7 9. Bf4 Qc8 10. Nc3 Nbd7 11. Rac1 O-O 12. Nh4 Re8 13. h3 Bd8 14. g4 Bg6 15.
Nxg6 hxg6 16. e4 dxe4 17. Nxe4 Nxe4 18. Bxe4 Bc7 19. Bg5 Nf6 20. Bg2 Nh7 21.
Be3 g5 22. f4 gxf4 23. Bxf4 Rd8 24. Qe3 Rd7 25. Rc2 Bxf4 26. Rxf4 Qd8 27. Rcf2
Qg5 28. Qg3 Rad8 29. Kh2 Nf8 30. h4 Qe7 31. g5 Rxd4 32. Rxf7 Qxf7 33. Rxf7 Kxf7
34. Qf3+ Kg8 35. h5 Nh7 36. g6 Nf6 0-1

[Event "GoAudit Open 2021"]
[Site "Copenhagen"]
[Date "2021.11.12"]
[Round "2"]
[White "Hoi, Carsten"]
[Black "Brondal, Paul"]
[Result "1-0"]
[WhiteElo "2348"]
[BlackElo "2042"]
[PlyCount "91"]
[EventDate "2021.11.12"]
[EventType "swiss"]
[EventRounds "7"]
[EventCountry "DEN"]

1. d4 e6 2. c4 f5 3. Nc3 Nf6 4. g3 d5 5. Bg2 c6 6. cxd5 exd5 7. Nf3 Bd6 8. Bf4
Bxf4 9. gxf4 Ne4 10. e3 Nxc3 11. bxc3 Nd7 12. O-O O-O 13. Qc2 Nf6 14. c4 dxc4
15. Qxc4+ Qd5 16. Qc2 Qd6 17. Rab1 Rb8 18. Ne5 Be6 19. a4 Ne4 20. Rfc1 Bd5 21.
f3 Nf6 22. Qxf5 Be6 23. Qd3 Nd5 24. Qd2 Qa3 25. Re1 Qxa4 26. f5 Bc8 27. e4 Nf6
28. Rb4 Qa6 29. Bf1 b5 30. Bc4+ Kh8 31. Ba2 Qb6 32. Nf7+ Kg8 33. Nd6+ Kh8 34.
e5 Nd5 35. Bxd5 a5 36. Rbb1 cxd5 37. Rxb5 Qa7 38. Rxb8 Qxb8 39. Qxa5 Bxf5 40.
Qxd5 Qb4 41. Rd1 Qa3 42. Nf7+ Rxf7 43. Qxf7 Qe3+ 44. Kg2 Qg5+ 45. Kh1 h5 46.
Rg1 1-0

[Event "GoAudit Open 2021"]
[Site "Copenhagen"]
[Date "2021.11.12"]
[Round "2"]
[White "Gregor, Bjarke"]
[Black "Nielsen, Viktor Haarmark"]
[Result "0-1"]
[WhiteElo "2065"]
[BlackElo "2263"]
[PlyCount "58"]
[EventDate "2021.11.12"]
[EventType "swiss"]
[EventRounds "7"]
[EventCountry "DEN"]

1. e4 e5 2. Nf3 Nc6 3. Bc4 Bc5 4. c3 Nf6 5. d4 exd4 6. b4 Bb6 7. e5 d5 8. exf6
dxc4 9. Qe2+ Be6 10. b5 Na5 11. fxg7 Rg8 12. cxd4 Bxd4 13. Nxd4 Qxd4 14. Bb2
Qd3 15. Qxd3 cxd3 16. Bf6 Nc4 17. O-O Nd6 18. Nc3 Kd7 19. Rad1 Rae8 20. Rfe1
Bc4 21. f3 Re6 22. Rxe6 Kxe6 23. Bd4 f6 24. a4 b6 25. Kf2 Rxg7 26. Re1+ Kf7 27.
g4 Rg8 28. h4 Rd8 29. Ke3 a6 0-1

[Event "GoAudit Open 2021"]
[Site "Copenhagen"]
[Date "2021.11.12"]
[Round "2"]
[White "Marthedal, Anton Mehmet Yildiz"]
[Black "Boe, Mads"]
[Result "0-1"]
[WhiteElo "1927"]
[BlackElo "2243"]
[PlyCount "84"]
[EventDate "2021.11.12"]
[EventType "swiss"]
[EventRounds "7"]
[EventCountry "DEN"]

1. d4 d5 2. Bf4 Nf6 3. Nf3 c5 4. c3 Qb6 5. Qb3 Nc6 6. e3 c4 7. Qxb6 axb6 8. Na3
Ra5 9. Bc7 Nd7 10. e4 e6 11. Nc2 Be7 12. Nd2 O-O 13. Be2 Nf6 14. e5 Ne8 15.
Bxb6 Rb5 16. Bc5 Bxc5 17. dxc5 Rxb2 18. Nd4 Bd7 19. f4 Nc7 20. a4 Na6 21. Nb5
Nxc5 22. Nf3 Ra8 23. Kf2 Rxa4 24. Rxa4 Nxa4 25. Ra1 Rxb5 26. Rxa4 Ra5 27. Rxa5
Nxa5 28. Bd1 Kf8 29. Ke3 Ke7 30. Kd4 b6 31. Ng5 h6 32. Nh7 Nc6+ 33. Ke3 b5 34.
g4 b4 35. g5 bxc3 36. gxh6 gxh6 37. Nf6 d4+ 38. Ke2 d3+ 39. Ke3 Nb4 40. Ng8+
Kf8 41. Nxh6 Nd5+ 42. Kd4 c2 0-1

[Event "GoAudit Open 2021"]
[Site "Copenhagen"]
[Date "2021.11.12"]
[Round "2"]
[White "Ostergaard, Jens"]
[Black "Sorensen, Reto Utiger"]
[Result "1-0"]
[WhiteElo "2230"]
[BlackElo "1985"]
[PlyCount "71"]
[EventDate "2021.11.12"]
[EventType "swiss"]
[EventRounds "7"]
[EventCountry "DEN"]

1. d4 d5 2. Nf3 Nf6 3. c4 e6 4. g3 Be7 5. Bg2 a6 6. O-O O-O 7. Qc2 Nc6 8. a3
Bd7 9. Rd1 Rb8 10. cxd5 exd5 11. Bf4 g6 12. Ne5 Bf5 13. Qc1 Na7 14. Nd2 Nb5 15.
Nb3 Rc8 16. Nc5 Nd6 17. b4 c6 18. a4 Qb6 19. Qb2 Rfe8 20. a5 Qc7 21. f3 h5 22.
Re1 Qd8 23. e4 dxe4 24. fxe4 Bg4 25. Nxg4 Nxg4 26. h3 Nc4 27. Qc3 g5 28. hxg4
gxf4 29. Qxc4 fxg3 30. Rf1 Rf8 31. gxh5 Bg5 32. Ra3 Qe7 33. Rxg3 Kh8 34. e5
Rcd8 35. Ne4 Bh6 36. Nf6 1-0

[Event "GoAudit Open 2021"]
[Site "Copenhagen"]
[Date "2021.11.12"]
[Round "2"]
[White "Jarlskov, Daniel Tuk Hartso"]
[Black "Laursen, Niels Norskov"]
[Result "0-1"]
[WhiteElo "2042"]
[BlackElo "2214"]
[PlyCount "190"]
[EventDate "2021.11.12"]
[EventType "swiss"]
[EventRounds "7"]
[EventCountry "DEN"]

1. c4 e5 2. Nc3 Nf6 3. g3 d5 4. cxd5 Nxd5 5. Bg2 Nb6 6. Nf3 Nc6 7. O-O Be7 8.
b3 O-O 9. Bb2 Re8 10. d3 Bf8 11. Rc1 a5 12. a3 Bg4 13. h3 Be6 14. Nb5 a4 15. b4
Qd7 16. Nxe5 Nxe5 17. Nxc7 Bxh3 18. Nxa8 Nxa8 19. d4 Bxg2 20. Kxg2 Qd5+ 21. f3
Nc4 22. e4 Ne3+ 23. Kg1 Nxd1 24. exd5 Nxb2 25. Rc2 Nd3 26. Rd2 Ne1 27. Kf2 Bd6
28. f4 h5 29. Rxe1 Rxe1 30. Kxe1 Nb6 31. Rc2 Kf8 32. Kf2 Ke7 33. Kf3 g6 34.
Re2+ Kd7 35. f5 Nxd5 36. fxg6 fxg6 37. Rc2 b5 38. Ke4 Nb6 39. Rc3 Nc4 40. Kd5
g5 41. Rf3 Ke7 42. Kc6 g4 43. Rd3 h4 44. gxh4 g3 45. Kxb5 g2 46. Rd1 Ne3 47.
Re1 Kd7 48. Rg1 Bh2 49. Rxg2 Nxg2 50. Kxa4 Nxh4 51. Kb5 Kc7 52. a4 Nf5 53. Kc4
Bg1 54. d5 Nd6+ 55. Kb3 Kb6 56. Kc3 Ne4+ 57. Kc4 Nd6+ 58. Kc3 Bf2 59. Kb3 Bg3
60. Kc3 Nc8 61. Kd4 Bd6 62. Kc4 Ne7 63. Kd4 Nf5+ 64. Kc4 Ne3+ 65. Kd4 Nc2+ 66.
Ke4 Nxb4 67. a5+ Kxa5 68. Kf5 Kb5 69. Ke6 Kc5 70. Kf5 Kxd5 71. Kg4 Nd3 72. Kf3
Bc5 73. Kg4 Ke4 74. Kg3 Nf4 75. Kg4 Bd4 76. Kg3 Nd3 77. Kg4 Bf6 78. Kg3 Ne5 79.
Kf2 Bg5 80. Kg3 Ke3 81. Kg2 Bf4 82. Kf1 Ng4 83. Kg2 Nf2 84. Kf1 Kf3 85. Kg1 Be5
86. Kf1 Bh2 87. Ke1 Ne4 88. Kf1 Nd2+ 89. Ke1 Ke3 90. Kd1 Kd3 91. Kc1 Nc4 92.
Kd1 Bg3 93. Kc1 Bh4 94. Kd1 Nb2+ 95. Kc1 Kc3 0-1

[Event "GoAudit Open 2021"]
[Site "Copenhagen"]
[Date "2021.11.12"]
[Round "2"]
[White "Thorsbro, Peter"]
[Black "Wahlgreen, Noah Krug"]
[Result "1-0"]
[WhiteElo "2179"]
[BlackElo "1924"]
[PlyCount "87"]
[EventDate "2021.11.12"]
[EventType "swiss"]
[EventRounds "7"]
[EventCountry "DEN"]

1. d4 Nf6 2. c4 g6 3. Nc3 Bg7 4. e4 d6 5. Nf3 O-O 6. Be2 e5 7. Be3 Nc6 8. d5
Ne7 9. Nd2 Ne8 10. c5 f5 11. cxd6 cxd6 12. f3 f4 13. Bf2 Nf6 14. b4 g5 15. Nc4
h5 16. Nb5 Ne8 17. Nxa7 Bd7 18. Nb6 Rb8 19. Nxd7 Qxd7 20. a4 g4 21. fxg4 Nf6
22. gxh5 Nxe4 23. Bg4 Qe8 24. Bb6 Nc3 25. Be6+ Kh8 26. Qc2 Nexd5 27. Bxd5 Nxd5
28. Bf2 e4 29. O-O e3 30. Bh4 Qxh5 31. Rf3 Qxh4 32. Rd1 e2 33. Qxe2 Nc3 34. Qd3
Kg8 35. Rh3 Qg4 36. Rf1 Rf5 37. Qxd6 Re8 38. Qd7 Qg6 39. Nb5 Nxb5 40. axb5 Re2
41. Qc8+ Bf8 42. Qc4+ Qe6 43. Qd4 Qe3+ 44. Rxe3 1-0

[Event "GoAudit Open 2021"]
[Site "Copenhagen"]
[Date "2021.11.12"]
[Round "3"]
[White "Hector, Jonny"]
[Black "Ostergaard, Jens"]
[Result "1-0"]
[WhiteElo "2447"]
[BlackElo "2230"]
[PlyCount "78"]
[EventDate "2021.11.12"]
[EventType "swiss"]
[EventRounds "7"]
[EventCountry "DEN"]

1. e4 d5 2. exd5 Qxd5 3. Nf3 Nf6 4. Be2 g6 5. c4 Qd8 6. d4 Bg7 7. Nc3 O-O 8. h3
c6 9. O-O Bf5 10. Nh4 Bc8 11. Be3 Qc7 12. Qd2 e5 13. d5 Rd8 14. Rad1 c5 15. f4
e4 16. f5 a6 17. Bf4 Qa5 18. fxg6 fxg6 19. Nxe4 Qxd2 20. Nxd2 Nbd7 21. Nhf3 Nf8
22. Bd3 Re8 23. Rde1 Bd7 24. Ne5 b5 25. Bg5 Nh5 26. Ndf3 bxc4 27. Bxc4 Bb5 28.
d6+ Bxc4 29. Nxc4 Nd7 30. Re7 h6 31. Rxd7 hxg5 32. Nxg5 Ng3 33. Rd1 Nf5 34. Rb7
Reb8 35. Rxb8+ Rxb8 36. d7 Bd4+ 37. Kh2 Rd8 38. Nb6 Ng7 39. Ne4 Kf7 1-0

[Event "GoAudit Open 2021"]
[Site "Copenhagen"]
[Date "2021.11.12"]
[Round "3"]
[White "Boe, Mads"]
[Black "Haubro, Martin"]
[Result "1/2-1/2"]
[WhiteElo "2243"]
[BlackElo "2410"]
[PlyCount "55"]
[EventDate "2021.11.12"]
[EventType "swiss"]
[EventRounds "7"]
[EventCountry "DEN"]

1. d4 Nf6 2. Nf3 c5 3. c3 b6 4. Bg5 Bb7 5. e3 e6 6. Nbd2 Be7 7. Bd3 h6 8. Bh4
d5 9. Ne5 Nbd7 10. f4 a6 11. a4 O-O 12. O-O Ne4 13. Bxe7 Qxe7 14. Bxe4 dxe4 15.
Nxd7 Qxd7 16. dxc5 Qd3 17. Kf2 bxc5 18. Qe2 f5 19. Rfd1 a5 20. Qxd3 exd3 21.
Nc4 Be4 22. Rd2 Rfb8 23. Ne5 Rb3 24. Ra2 Rd8 25. Nc4 Ra8 26. Ne5 Rd8 27. Nc4
Ra8 28. Ne5 1/2-1/2

[Event "GoAudit Open 2021"]
[Site "Copenhagen"]
[Date "2021.11.12"]
[Round "3"]
[White "Laursen, Niels Norskov"]
[Black "Skytte, Rasmus"]
[Result "1/2-1/2"]
[WhiteElo "2214"]
[BlackElo "2378"]
[PlyCount "64"]
[EventDate "2021.11.12"]
[EventType "swiss"]
[EventRounds "7"]
[EventCountry "DEN"]

1. e4 g6 2. Nf3 Bg7 3. d4 Nf6 4. e5 Ne4 5. Bd3 d5 6. exd6 Nxd6 7. O-O O-O 8. c3
Nc6 9. Re1 Bg4 10. Bf4 Qd7 11. Nbd2 Bf5 12. Bxf5 Qxf5 13. Bg3 Rad8 14. Qb3 b6
15. Nc4 e6 16. Nfe5 Nxe5 17. Bxe5 Nxc4 18. Qxc4 c5 19. Bxg7 Kxg7 20. dxc5 bxc5
21. Re2 Rd5 22. Rae1 Rfd8 23. g3 h5 24. h4 R8d7 25. Kg2 Rd2 26. a3 R7d3 27.
Rxd2 Qf3+ 28. Kg1 Rxd2 29. Qxc5 Rxb2 30. c4 Rc2 31. Qxa7 Rxc4 32. Qe3 Qxe3
1/2-1/2

[Event "GoAudit Open 2021"]
[Site "Copenhagen"]
[Date "2021.11.12"]
[Round "3"]
[White "Boe Olsen, Filip"]
[Black "Thorsbro, Peter"]
[Result "1-0"]
[WhiteElo "2366"]
[BlackElo "2179"]
[PlyCount "67"]
[EventDate "2021.11.12"]
[EventType "swiss"]
[EventRounds "7"]
[EventCountry "DEN"]

1. d4 d5 2. Nf3 e6 3. Bf4 Bd6 4. Bg3 c5 5. e3 Qc7 6. Nbd2 Nd7 7. c4 Ngf6 8. Rc1
b6 9. cxd5 exd5 10. dxc5 bxc5 11. Be2 O-O 12. O-O Bxg3 13. hxg3 Qb6 14. Qc2 Bb7
15. Rfd1 Rac8 16. Nb1 Ne4 17. Nc3 Ndf6 18. Bd3 Rfe8 19. Nd2 Nxf2 20. Kxf2 Ng4+
21. Kg1 Qh6 22. Nf1 Nxe3 23. Nxe3 Rxe3 24. Rf1 Rce8 25. Bb5 R8e5 26. Qf2 Qg6
27. Ne2 d4 28. Bc4 Re7 29. Nf4 Qg4 30. Nd5 Bxd5 31. Bxd5 Qh5 32. Rxc5 h6 33.
Bxf7+ Qxf7 34. Rc8+ 1-0

[Event "GoAudit Open 2021"]
[Site "Copenhagen"]
[Date "2021.11.12"]
[Round "3"]
[White "Christensen, Lasse"]
[Black "Hoi, Carsten"]
[Result "0-1"]
[WhiteElo "2182"]
[BlackElo "2348"]
[PlyCount "46"]
[EventDate "2021.11.12"]
[EventType "swiss"]
[EventRounds "7"]
[EventCountry "DEN"]

1. d4 d5 2. Nf3 Nf6 3. g3 c6 4. Bg2 Bf5 5. O-O e6 6. c4 Nbd7 7. cxd5 exd5 8.
Nc3 h6 9. Ne5 Bd6 10. Nxd7 Qxd7 11. Re1 O-O 12. Bf4 Bxf4 13. gxf4 Rae8 14. e3
Bg4 15. Bf3 h5 16. Bxg4 hxg4 17. Kg2 g6 18. Rh1 Kg7 19. h3 Rh8 20. hxg4 Rxh1
21. Kxh1 Nxg4 22. Kg1 Nh2 23. Kxh2 Rh8+ 0-1

[Event "GoAudit Open 2021"]
[Site "Copenhagen"]
[Date "2021.11.12"]
[Round "3"]
[White "Nielsen, Viktor Haarmark"]
[Black "Akdag, Dara Sevkan"]
[Result "1-0"]
[WhiteElo "2263"]
[BlackElo "2155"]
[PlyCount "101"]
[EventDate "2021.11.12"]
[EventType "swiss"]
[EventRounds "7"]
[EventCountry "DEN"]

1. e4 c5 2. Nf3 d6 3. d4 cxd4 4. Nxd4 Nf6 5. f3 g6 6. c4 Bg7 7. Nc3 O-O 8. Be3
Nc6 9. Be2 Bd7 10. O-O Rc8 11. Nc2 Ne5 12. Na3 a6 13. Qb3 Qc7 14. Rac1 Qb8 15.
Rfd1 Rfd8 16. Bb6 Re8 17. Nc2 e6 18. Bf2 d5 19. cxd5 exd5 20. exd5 Rxc3 21.
Qxc3 Neg4 22. Bg3 Qa7+ 23. Qd4 Qxd4+ 24. Nxd4 Ne3 25. Rd3 Nh5 26. Rc7 Bf5 27.
Nxf5 Nxf5 28. Bf1 Nhxg3 29. hxg3 Bd4+ 30. Rxd4 Nxd4 31. Rxb7 Re1 32. d6 Rd1 33.
Kf2 Nf5 34. d7 Kf8 35. g4 Ng7 36. Bxa6 Ke7 37. Bb5 Ne6 38. Bc4 Rd2+ 39. Kg3 Nc5
40. Rc7 Nxd7 41. Bb5 Rxb2 42. Rxd7+ Kf6 43. Rd5 Rxa2 44. Rd7 Rc2 45. Ba4 Rc3
46. Rb7 h5 47. gxh5 gxh5 48. Bb3 Kg5 49. Bxf7 h4+ 50. Kh2 h3 51. Kxh3 1-0

[Event "GoAudit Open 2021"]
[Site "Copenhagen"]
[Date "2021.11.12"]
[Round "3"]
[White "Fries Nielsen, Jens Ove"]
[Black "Brorsen, Jacob Abildlund"]
[Result "1/2-1/2"]
[WhiteElo "2383"]
[BlackElo "2147"]
[PlyCount "101"]
[EventDate "2021.11.12"]
[EventType "swiss"]
[EventRounds "7"]
[EventCountry "DEN"]

1. Nf3 d5 2. g3 Nf6 3. Bg2 g6 4. O-O Bg7 5. d4 O-O 6. Nc3 Ne4 7. Nxe4 dxe4 8.
Ne5 f6 9. Nc4 f5 10. c3 Be6 11. Ne3 Nd7 12. f3 exf3 13. exf3 Nf6 14. f4 c6 15.
Re1 Bf7 16. Qe2 Re8 17. Rd1 Qc7 18. Bd2 a5 19. Be1 a4 20. Bf2 Qa5 21. c4 Red8
22. Rac1 Rd7 23. d5 cxd5 24. cxd5 Rad8 25. Nc4 Qb5 26. Qe1 Nxd5 27. Ne5 Bxe5
28. Qxe5 Qa6 29. Bd4 Nf6 30. Rc7 Bxa2 31. Rxd7 Rxd7 32. Rc1 Qd3 33. Bc3 Bd5 34.
Bxd5+ Qxd5 35. Qe3 Ne4 36. Be5 Qb3 37. Qxb3+ axb3 38. Rc4 Rd1+ 39. Kg2 Rd2+ 40.
Kg1 Rd1+ 41. Kg2 Rd2+ 42. Kg1 Rc2 43. Rb4 Nd2 44. Rxb7 Nf3+ 45. Kf1 Kf7 46. Bc3
Nxh2+ 47. Ke1 Nf3+ 48. Kd1 Rg2 49. Rxb3 Rxg3 50. Rb7 h5 51. Bb4 1/2-1/2